| 000 | 00623nam a2200145Ia 4500 | ||
|---|---|---|---|
| 008 | 140724s9999 xx 000 0 und d | ||
| 050 |
_aHF 5549.5.P35 _b.Y43 2010 |
||
| 100 | _aYeh, Jui-Hsiang. | ||
| 245 | 4 |
_aThe effects of information technology on the core competence of employees in the administrative department of Southville International School and Colleges in the delivery of specific services / _cJui-Hsiang Yeh. |
|
| 260 |
_aLas PiƱas, Philippines : _bSouthville International School and Colleges, _cc2010. |
||
| 300 |
_a57 p. : _c28 cm. |
||
| 521 | _aHuman Resource Management | ||
| 942 | _cTH | ||
| 999 |
_c229052 _d229052 |
||